000 00289nam a22001217a 4500
020 _a0-8436-0812-9
082 _a621.89 OLD'L
100 _aOLDS, WILBERT J
_978431
245 _aLUBRICANTS CUTTING FLUIDS AND COOLANTS
260 _aBOSTON
_bCAHNER'S
_c1973
300 _a212P
942 _cBK
999 _c583551
_d583551